| 000 | 01141cam a2200217 4500 | ||
|---|---|---|---|
| 001 | WB3608-26 | ||
| 008 | 000000n2000 000 0 eng u | ||
| 035 | _a(Sirsi) u104379 | ||
| 245 | _aUltraworth Ltd v General Accident Fire ad Life Assurance Corporation plc and another | ||
| 260 | _c2000 | ||
| 490 |
_aEstates Gazette Case Summaries _v [2000] EGCS 19 (1) |
||
| 520 | _aTechnology and Construction Court 27 January 2000. A five-storey office building, Enterprise House in New Barnet was let on a long full-repairing lease. The question of terminal dilapidations arose and whether the defendant tenant G was required to replace old heating system. G argued, with reference to Landlord and Tenant Act 1927 S18(1) that disrepair had not caused diminution in value of reversion. Held, the landlord had failed to establish loss. | ||
| 590 | _aWB | ||
| 650 | _aREPAIRS | ||
| 650 | _aULTRAWORTH LTD V GENERAL ACCIDENT FIRE AND LIFE ASSURANCE CORPORATION PLC AND ANOTHER | ||
| 650 | _aLANDLORD AND TENANT ACT 1927 S18 | ||
| 650 | _aDIMINUTION IN VALUE | ||
| 650 | _aREVERSION | ||
| 690 | _aLANDLORD AND TENANT-LEASES | ||
| 942 | _n0 | ||
| 999 |
_c62623 _d62623 |
||